Logo BPK

Biblioteka

Politechniki Koszalińskiej

Podstawy analityki : (Rekord nr 6265)

Szczegóły MARC
000 -ETYKIETA REKORDU
podpole kontrolne o stałej długości 00931nam a2200217 i 4500
001 - NUMER KONTROLNY REKORDU
pole kontrolne bg
020 ## - MIĘDZYNARODOWY ZNORMALIZOWANY NUMER KSIĄŻKI - ISBN
ISBN 8385019480
040 ## - ŹRÓDŁO KATALOGOWANIA
Instytucja, która utworzyła rekord BPK
041 ## - KOD JĘZYKA
Kod języka tekstu pol
080 ## - UNIWERSALNA KLASYFIKACJA DZIESIĘTNA - UKD
UKD 543(075.8)
920 ## - Międzynarodowy znormalizowany numer książki – ISBN
ISBN 83-85019-48-0
008 - POLE O STAŁEJ DŁUGOŚCI - DANE KONTROLNE
podpole kontrolne o stałej długości s pl f |000 0 pol
245 #0 - TYTUŁ/ODPOWIEDZIALNOŚĆ
Tytuł Podstawy analityki :
Ciąg dalszy tytułu praca zbiorowa.
Oznaczenie części/sekcji dzieła Cz. 4,
Tytuł części/sekcji dzieła Elementy informatyki dla analityków /
Pozostałe elementy strefy tytułu i oznaczenia odpowiedzialności pod red. Jerzego Łukasiaka ; [aut. Jerzy Łukasiak, Zygmunt Jamrógiewicz, Dorota Jachowska] ; Akademia Medyczna w Gdańsku. Wydział Farmaceutyczny. Pracownia Analizy Instrumentalnej Katedry i Zakładu Chemii Fizycznej.
260 ## - STREFA ADRESU WYDAWNICZEGO
Miejsce wydania Gdańsk :
Nazwa wydawcy/dystrybutora AM,
Data publikacji, dystrybucji/powstania dokumentu 1990.
300 ## - STREFA OPISU FIZYCZNEGO
Objętość 160 s. :
Inne cechy fizyczne rys., wykr.
Rozmiary 24 cm.
700 1# - HASŁO DODATKOWE - NAZWA OSOBOWA
Nazwa osobowa ŁUKASIAK, Jerzy.
Określenie związku między hasłem a opisywanym materiałem rd *ws
700 1# - HASŁO DODATKOWE - NAZWA OSOBOWA
Nazwa osobowa JAMRÓGIEWICZ, Zygmunt.
700 1# - HASŁO DODATKOWE - NAZWA OSOBOWA
Nazwa osobowa JACHOWSKA, Dorota.
710 ## - HASŁO DODATKOWE - NAZWA CIAŁA ZBIOROWEGO
Nazwa ciała zbiorowego lub jednostki geograficznej AKADEMIA MEDYCZNA (Gdańsk). Wydział Farmaceutyczny. Pracownia Analizy Instrumentalnej Pracowni i Zakładu Chemii Fizycznej
856 ## - LOKALIZACJA I DOSTĘP DO ELEKTRONICZNYCH DOKUMENTÓW ZDALNYCH
Link (URL) http://koha.tu.koszalin.pl/cgi-bin/koha/opac-detail.pl?biblionumber=6265
Tekst linku Katalog online BPK
942 ## - DODATKOWE ELEMENTY (KOHA)
Typ dokumentu Książka
Egzemplarze
Wycofany Status egzemplarza Uszkodzony Dostępność Lokalizacja stała Lokalizacja bieżąca Miejsce przechowywania Sygnatura Kod kreskowy Typ dokumentu
      Dostępny Biblioteka Politechniki Koszalińskiej Biblioteka Politechniki Koszalińskiej Wypożyczalnia BG P 46848 01814811 Książka
© 2023 Biblioteka Politechniki Koszalińskiej :: KOHA